Reforma educativa. Creatividad y praxis docente
-д хадгалсан:
| Үндсэн зохиолч: | |
|---|---|
| Формат: | Ном |
| Хэл сонгох: | испани |
| Хэвлэсэн: |
Caracas
s.n
1996
|
| Цуврал: | Cuaderno Pedagógico del CILLAB, 2
|
| Нөхцлүүд: | |
| Шошгууд: |
Шошго нэмэх
Шошго байхгүй, Энэхүү баримтыг шошголох эхний хүн болох!
|
MARC
| LEADER | 00000nam a2200000 a 4500 | ||
|---|---|---|---|
| 001 | UCO8765 | ||
| 003 | CL-VaPUC | ||
| 008 | 010105e19960000ve |||||||||||||||||spa|d | ||
| 082 | 0 | 4 | |a 371.102 |b INO |2 21 |
| 100 | 0 | |a Inojosa, Hilda |e author |9 453647 | |
| 245 | 1 | 0 | |a Reforma educativa. Creatividad y praxis docente |
| 300 | |a 33 p | ||
| 942 | |c BK | ||
| 945 | |d 20010105 00:00:00 |a cmena | ||
| 260 | |a Caracas |b s.n |c 1996 | ||
| 650 | 0 | |a Reforma educacional |9 256319 | |
| 650 | 0 | |a Estado y educación |9 311264 | |
| 650 | 0 | |a Práctica docente |9 307872 | |
| 650 | 0 | |a Creatividad |9 310816 | |
| 650 | 0 | |a Métodos de enseñanza |9 270413 | |
| 583 | |a last modification |c 20180108 04:53:26 |k Rodrigo Vera | ||
| 490 | 0 | |a Cuaderno Pedagógico del CILLAB, 2 | |
| 999 | |c 293233 |d 293231 | ||
| 952 | |0 0 |1 0 |4 0 |6 371_102000000000000_INO_1996 |7 0 |8 A |9 344645 |a FDOPOS |b FDOPOS |d 2019-11-20 |i 3676528 |o 371.102 INO 1996 |p 3676528 |r 2025-01-22 |w 2019-11-20 |y BK |k MLA | ||
| 952 | |0 0 |1 0 |4 0 |6 371_102000000000000_INO_1996 |7 0 |8 A |9 344646 |a FDOPOS |b FDOPOS |d 2019-11-20 |i 3676536 |o 371.102 INO 1996 |p 3676536 |r 2025-01-22 |w 2019-11-20 |y BK |k MLA | ||
| 952 | |0 0 |1 0 |4 0 |6 371_102000000000000_INO_1996 |7 0 |8 A |9 344647 |a FDOPOS |b FDOPOS |d 2019-11-20 |i 3676544 |o 371.102 INO 1996 |p 3676544 |r 2025-01-22 |w 2019-11-20 |y BK |k MLA | ||